Money ; selected passages presenting the concepts of money in the English tradition, 1640-1935 /

Bibliographic Details
Main Author: Butchart, Montgomery
Format: Book
Language:English
Published: London : S. Nott, [1935]
Subjects:

MARC

Tag First Indicator Second Indicator Subfields
LEADER 00000cam a2200000 4500
001 in00000040737
005 20151007064635.0
008 770202s1935 enk 00000 eng
010 |a  36020500  
035 |a (OCoLC)02715175 
035 |9 AAE0293AM 
040 |a DLC  |c IXA  |d TXA  |d UtOrBLW 
049 |a TXAM  |c [204048] 
050 0 0 |a HG221  |b .B85 
092 |a 332.401  |b B983m 
100 1 |a Butchart, Montgomery. 
245 1 0 |a Money ;  |b selected passages presenting the concepts of money in the English tradition, 1640-1935 /  |c compiled by Montgomery Butchart. 
264 1 |a London :  |b S. Nott,  |c [1935] 
300 |a 348 pages ;  |c 22 cm. 
336 |a text  |b txt  |2 rdacontent 
337 |a unmediated  |b n  |2 rdamedia 
338 |a volume  |b nc  |2 rdacarrier 
504 |a "Bibliographical note": page 341. 
650 0 |a Money. 
740 4 |a The concepts of money in the English tradition, 1640-1935. 
999 |a MARS 
999 f f |s a1d93d76-5d7f-3ed0-9f99-ff33730ccfd1  |i d1eac51b-7ed8-342e-b02a-5b4b1f870200  |t 0 
952 f f |p ric  |a Texas A&M University  |b Rellis Campus  |c Joint Library Facility  |d Remote Storage  |t 0  |e HG221 .B85  |h Library of Congress classification  |i unmediated -- volume  |m A14800732604 
998 f f |a HG221 .B85  |t 0  |l Remote Storage